উস্তাদসংগী পানপেয়ালা / (Record no. 53993)
[ view plain ]
| 000 -LEADER | |
|---|---|
| fixed length control field | 00822nam a2200229 a 4500 |
| 001 - CONTROL NUMBER | |
| control field | 53993 |
| 003 - CONTROL NUMBER IDENTIFIER | |
| rucl marc code | BD-RjUL |
| 005 - DATE AND TIME OF LATEST TRANSACTION | |
| control field | 20211209080045.0 |
| 008 - FIXED-LENGTH DATA ELEMENTS--GENERAL INFORMATION | |
| fixed length control field | 161031s2005 bg ||||| |||| 00| 0 ben d |
| 020 ## - INTERNATIONAL STANDARD BOOK NUMBER | |
| Terms of availability | : Tk.65.00 |
| 035 ## - SYSTEM CONTROL NUMBER | |
| System control number | (BD-RjUL)54115 |
| 040 ## - CATALOGING SOURCE | |
| Original cataloging agency | BD-RjUL |
| Language of cataloging | ben |
| Transcribing agency | BD-RjUL |
| Modifying agency | BD-RjUL |
| 041 ## - LANGUAGE CODE | |
| Language code of text/sound track or separate title | ben |
| 082 ## - DEWEY DECIMAL CLASSIFICATION NUMBER | |
| Edition number | 23 |
| Classification number | 891.51 |
| Author mark and year | RUU 2005 |
| 100 ## - MAIN ENTRY--PERSONAL NAME | |
| Personal name | রুবাইয়াৎ, ইবনে সালাম |
| 9 (RLIN) | 161237 |
| 245 10 - TITLE STATEMENT | |
| Title | উস্তাদসংগী পানপেয়ালা / |
| Statement of responsibility, etc. | ইবনে সালাম রুবাইয়াৎ, |
| 260 ## - PUBLICATION, DISTRIBUTION, ETC. (IMPRINT) | |
| Place of publication, distribution, etc. | ঢাকা : |
| Name of publisher, distributor, etc. | জীবন্তিকা, |
| Date of publication, distribution, etc. | ২০০৫. |
| 300 ## - PHYSICAL DESCRIPTION | |
| Pagination | ৪৮ পৃ. ; |
| Size | ২৩ সেমি. |
| 650 ## - SUBJECT ADDED ENTRY--TOPICAL TERM | |
| Topical term or geographic name as entry element | ফার্সি সাহিত্য |
| 9 (RLIN) | 124131 |
| Topical term or geographic name as entry element | Persian literature |
| 9 (RLIN) | 161238 |
| 942 ## - ADDED ENTRY ELEMENTS (KOHA) | |
| Source of classification or shelving scheme | Dewey Decimal Classification |
| Koha item type | Books |
| Lost status | Source of classification or shelving scheme | Damaged status | Not for loan | Collection code | Permanent Location | Current Location | Shelving location | Date acquired | Source of acquisition | Cost, normal purchase price | Total Checkouts | Full call number | Date last seen | Copy number | Koha item type |
|---|---|---|---|---|---|---|---|---|---|---|---|---|---|---|---|
| Dewey Decimal Classification | Non-fiction | Central Library, University of Rajshahi | Central Library, University of Rajshahi | 26/09/2006 | Library | 65.00 | B 891.51 RUU 2005 | 31/10/2016 | C-2 | Books | |||||
| Dewey Decimal Classification | Not For Loan | Non-fiction | Central Library, University of Rajshahi | Central Library, University of Rajshahi | Reading Room | 26/09/2006 | Author | 65.00 | B 891.51 RUU 2005 | 31/01/2017 | C-1 | Books |